Statistiques concernant Métiers des villageois Minecraft

Cliquez ici pour prendre le quiz!

Statistiques générales

  • Ce quiz a été pris 87 fois
  • Le résultat moyen est 6 sur 13

Statistiques - réponses

BlocMétier% Correct
ComposteurFermier
77%
Table de cartographeCartographe
68%
TonneauPêcheur
62%
AlambicPrêtre
57%
PupitreBibliothécaire
48%
Haut fourneauArmurier
45%
FumoirBoucher
43%
ChaudronTanneur
34%
Table d'archerieFléchier
32%
MeuleForgeron d'armes
23%
Métier à tisserBerger
22%
Tailleur de pierreMaçon
22%
Table de forgeronForgeron d'outils
20%

Distribution des résultats

Percentile par nombre de réponses

% des personnes avec chaque résultat

Votre développement - résultats

Vous n’avez pas pris ce quiz